• 首页
  • 本馆介绍
  • 公告通知
  • 最新文献
  • 馆藏检索
  • 电子资源
  • 读者导购
  • 参考咨询
  • 我的图书馆
  • 登录
  • 详细信息显示
  • 放入我的书架
  • 预约/预借图书
  • 作者相关作品
  • 分类相关作品
  • 丛书相关作品
  • 出版社相关作品

书目信息

  • 表格格式
  • 工作单格式
  • 卡片格式
题名:
电子产品组装与调试
    
 
作者: 赵爱良 主编
分册:  
出版信息: 北京   北京理工大学出版社  2016.08
页数: 196页
开本: 26cm
丛书名:
单 册:
中图分类: TN05
科图分类:
主题词: 电子设备--组装--高等学校--教材 , 电子设备--调试方法--高等学校--教材
电子资源:
ISBN: 978-7-5682-1120-8
000 00981nam0 2200253 450
001 012016120475
005 20170327094452.56
010    @a978-7-5682-1120-8@dCNY45.00
100    @a20161026d2016 em y0chiy50 ea
101 0  @achi
102    @aCN@b110000
105    @aak z 000yy
106    @ar
200 1  @a电子产品组装与调试@9dian zi chan pin zu zhuang yu tiao shi@f赵爱良主编
210    @a北京@c北京理工大学出版社@d2016.08
215    @a196页@c图@d26cm
330    @a本教材包含“常用元器件的识别和检测、串联型直流稳压电源的组装与调试、集成电路扩音机的组装与调试、调频贴片收音机的组装与调试、声光控开关的组装与调试、四路红外遥控装置的组装与调试”等六个学习情境,系统介绍了电子元器件识别与检测、电子工程图识读等。
333    @a高校相关专业师生
606 0  @a电子设备@x组装@x高等学校@j教材
606 0  @a电子设备@x调试方法@x高等学校@j教材
690    @aTN05@v5
701  0 @a赵爱良@9zhao ai liang@4主编
801  0 @aCN@b人天书店@c20161026
905    @b982689-92@dTN05@e123@f4
    
    电子产品组装与调试/赵爱良主编.-北京:北京理工大学出版社,2016.08
    196页:图;26cm
    使用对象:高校相关专业师生
    
    ISBN 978-7-5682-1120-8:CNY45.00
    本教材包含“常用元器件的识别和检测、串联型直流稳压电源的组装与调试、集成电路扩音机的组装与调试、调频贴片收音机的组装与调试、声光控开关的组装与调试、四路红外遥控装置的组装与调试”等六个学习情境,系统介绍了电子元器件识别与检测、电子工程图识读等。
●
相关链接 在E读中查询图书 在五车中查询图书 在当当中查询图书 在豆瓣中查询图书


正题名:电子产品组装与调试     索取号:TN05/123         预约/预借

序号 登录号 条形码 馆藏地/架位号 状态 备注
1 982689   209826893   第二样本阅览室/ [索取号:TN05/123] 在馆    
2 982690   209826900   第三借阅区/ [索取号:TN05/123] 在馆    
3 982691   209826919   第三借阅区/ [索取号:TN05/123] 在馆    
4 982692   209826928   密集书库-物理学院/ [索取号:TN05/123] 在馆    
唐山师范学院图书馆 欢迎您!
大连网信软件有限公司© 版权所有